| 000 | 00501cam a2200193ua 4500 | ||
|---|---|---|---|
| 001 | 1209 | ||
| 008 | 110616n ii |||gr||||Z||||||eng | ||
| 040 | _cMAIN | ||
| 082 | _a330.03 | ||
| 245 | 1 | 0 |
_aDictionary of economics and commerce _cby G.C. Pande |
| 250 | _a2nd rev. ed. | ||
| 260 |
_aNew Delhi: _bAnmol publications,996. |
||
| 300 | _a259:5cm. | ||
| 653 | _aEconomics dictionary | ||
| 653 | _aDictionary of economics | ||
| 700 | 1 |
_aPande, G.C., _eAuthor. |
|
| 700 | 1 | _aChopra, R., | |
| 942 | _cBK | ||
| 999 |
_c1117 _d1117 |
||